00878nam a2200193 a 450000100100000000500170001000800410002704000250006808200310009311000540012424501550017824600780033326000530041130000210046465000540048565100560053970000390059574000500063400003819620240307073950.0081126s2010 dr 000 0 spa d aDO-SdBNPbspacBNPHU a342.729307bR426cons, 20101 aRepública Dominicana.b Junta Central Electoral10aConstitución de la República Dominicana 2010 :bley electoral no. 275-97 y sus modificaciones /cpresentación Julio César Castaños Guzmán.14aCompilación de la legislación electoral de la República Dominicana. aSanto Domingo :bJunta Central Electoral,c2010. a338 p. ;c28 cm. 4aEleccionesxLegislaciónzRepública Dominicana 4aRepública DominicanaxConstitución (2010{Rpara}12aCastaños Guzmán, Julio César02aLey electoral nº 275-97 y sus modificaciones